[Event "Vrsar Spring op"]
[Site "Vrsar"]
[Date "2024.04.01"]
[Round "5"]
[White "Starcevic, Danijel"]
[Black "Hamer, Ivan"]
[Result "1-0"]
[WhiteElo "1946"]
[BlackElo "1866"]
[PlyCount "58"]
[EventDate "2024.04.01"]
[EventType "swiss"]
[EventRounds "9"]
[EventCountry "CRO"]
[SourceTitle "CB16_2024"]
[SourceDate "2024.04.17"]
[SourceVersion "1"]
[SourceVersionDate "2024.04.17"]
[SourceQuality "1"]

1. c4 e6 2. g3 d5 3. d4 c6 4. Bg2 f5 5. Nf3 Nf6 6. 0-0 Bd6 7. b3 0-0 8. Ba3 Bxa3 9. Nxa3 Bd7 10. Nc2 Be8 11. Nce1 Nbd7 12. Nd3 Bh5 13. Nfe5 Ng4 14. Nxg4 fxg4 15. e4 Qe8 16. exd5 exd5 17. cxd5 Rf3 18. dxc6 bxc6 19. Nf4 g5 20. Re1 Qf7 21. Nxh5 Qxh5 22. d5 Nb6 23. dxc6 Raf8 24. Re2 Qf7 25. Qd2 h6 26. Rae1 Nd5 27. Re5 Nc7 28. Bxf3 gxf3 29. h3 Ra8 1-0

[Event "EU-ch Amateur U2300"]
[Site "Zagreb"]
[Date "2022.08.14"]
[Round "1"]
[White "Jonsson, Gauti Pall"]
[Black "Starcevic, Danijel"]
[Result "1-0"]
[WhiteElo "2071"]
[BlackElo "1935"]
[PlyCount "107"]
[EventDate "2022.08.14"]
[EventType "swiss"]
[EventRounds "9"]
[EventCountry "CRO"]
[SourceTitle "CBM 210 Extra"]
[Source "ChessBase"]
[SourceDate "2022.11.30"]
[SourceVersion "1"]
[SourceVersionDate "2022.11.30"]
[SourceQuality "1"]

1. Nf3 Nf6 2. g3 g6 3. b3 Bg7 4. Bb2 0-0 5. Bg2 d5 6. c4 c6 7. 0-0 Na6 8. d3 Be6 9. Nbd2 Qb6 10. Rc1 Bh6 11. c5 Qc7 12. h4 Nd7 13. d4 Bf5 14. h5 Nf6 15. hxg6 hxg6 16. Ne5 Qa5 17. Bc3 Qd8 18. e3 Nc7 19. g4 Bc8 20. f4 Nd7 21. Nd3 Nb5 22. Bb2 Bg7 23. Bf3 a5 24. a4 Nc7 25. Kg2 Re8 26. Rh1 Nf8 27. Rh3 Na6 28. Qh1 b6 29. Qh2 f6 30. cxb6 Qxb6 31. Ba3 Nb4 32. Bxb4 axb4 33. Nc5 Ra5 34. Rh1 Rxc5 35. dxc5 Qxc5 36. Qg1 e5 37. Qc1 Qxe3 38. Bxd5+ cxd5 39. Rxe3 d4 40. Ree1 Bb7+ 41. Kh2 Rc8 42. Nc4 Ne6 43. fxe5 fxe5 44. Rhf1 Rc7 45. Qd2 e4 46. Qxb4 e3 47. Qd6 Bc8 48. Nb6 Rc2+ 49. Kg3 e2 50. Nxc8 exf1N+ 51. Rxf1 Rc3+ 52. Rf3 Ng5 53. Qd5+ Kh7 54. Rxc3 1-0

[Event "EU-ch Amateur Online Final 1700/2000"]
[Site "Tornelo INT"]
[Date "2021.04.25"]
[Round "5"]
[White "Ziomas, Konstantinos Dimitr"]
[Black "Starcevic, Danijel"]
[Result "1-0"]
[WhiteElo "1518"]
[BlackElo "1923"]
[PlyCount "111"]
[EventDate "2021.04.25"]
[EventType "swiss (rapid)"]
[EventRounds "9"]
[EventCountry "NET"]
[SourceTitle "EXT 2023"]
[Source "ChessBase"]
[SourceDate "2022.10.05"]
[SourceVersion "1"]
[SourceVersionDate "2022.10.05"]
[SourceQuality "1"]

1. e4 c6 2. d4 d5 3. Nc3 dxe4 4. Nxe4 Bf5 5. Ng3 Bg6 6. Nf3 Nd7 7. h4 h6 8. h5 Bh7 9. Bd3 Bxd3 10. Qxd3 e6 11. Bd2 Bd6 12. Ne4 Be7 13. 0-0-0 Ngf6 14. Kb1 Qc7 15. c4 Nxe4 16. Qxe4 Nf6 17. Qe2 0-0-0 18. Bc3 Qf4 19. Ne5 Ne4 20. Be1 Qf5 21. Ka1 Bd6 22. f3 Nc5 23. Bg3 Bxe5 24. Qxe5 Qxe5 25. Bxe5 Na4 26. Bxg7 Rh7 27. Bf6 Rg8 28. g4 Nb6 29. b3 Nd7 30. Be5 f6 31. Bh2 f5 32. Rhg1 Rhg7 33. Bf4 fxg4 34. Bxh6 Rh7 35. Bc1 g3 36. h6 Rf7 37. Rdf1 e5 38. Bb2 exd4 39. Bxd4 Rh7 40. Bg7 Nf8 41. Rxg3 Ne6 42. Rfg1 Kd7 43. Kb2 Ke7 44. Kc3 Nf4 45. Re1+ Kf7 46. Re5 Ne6 47. Rf5+ Ke7 48. Bf6+ Kf7 49. Be7+ Kxe7 50. Rxg8 Rxh6 51. Ra8 a6 52. Ra7 Nd8 53. c5 Re6 54. f4 Re1 55. Re5+ Kd7 56. Rxe1 1-0

[Event "EU-ch Amateur Online 1700/2000"]
[Site "Tornelo INT"]
[Date "2021.04.24"]
[Round "4"]
[White "Kassios, Dimitrios"]
[Black "Starcevic, Danijel"]
[Result "1-0"]
[WhiteElo "1529"]
[BlackElo "1923"]
[PlyCount "191"]
[EventDate "2021.04.24"]
[EventType "swiss (rapid)"]
[EventRounds "8"]
[EventCountry "NET"]
[SourceTitle "EXT 2023"]
[Source "ChessBase"]
[SourceDate "2022.10.05"]
[SourceVersion "1"]
[SourceVersionDate "2022.10.05"]
[SourceQuality "1"]

1. e4 c6 2. d4 d5 3. Nc3 dxe4 4. Nxe4 Bf5 5. Ng3 Bg6 6. Nf3 Nd7 7. Bd3 Bxd3 8. Qxd3 Qc7 9. Be3 Ngf6 10. 0-0 e6 11. c4 Bd6 12. Rac1 0-0 13. a3 Ng4 14. Ng5 Ndf6 15. c5 Bf4 16. Bxf4 Qxf4 17. Nh3 Qh6 18. f3 Qe3+ 19. Nf2 Qxd3 20. Nxd3 Ne3 21. Rfe1 Ned5 22. Ne4 Nxe4 23. fxe4 Nf6 24. Rcd1 Rad8 25. Ne5 Nh5 26. g3 f6 27. Nc4 Rf7 28. Nd6 Rfd7 29. Rf1 e5 30. dxe5 fxe5 31. Rf5 Nf6 32. Rxe5 Ng4 33. Rg5 Ne3 34. Rd3 Nc4 35. Rb3 Nxd6 36. cxd6 h6 37. Re5 b6 38. Kf2 Rxd6 39. Ke3 R8d7 40. Re8+ Kf7 41. Re5 g6 42. Rc3 c5 43. Rd5 Rxd5 44. exd5 Rxd5 45. Ke4 Rd6 46. Ke5 Re6+ 47. Kd5 Re2 48. Kc6 Rxh2 49. Kb7 Rxb2 50. Kxa7 g5 51. Kb7 Kf6 52. Kc6 Kf5 53. Kd6 h5 54. Ke7 Ke4 55. Kf6 g4 56. Kg5 Rh2 57. Rb3 c4 58. Rxb6 c3 59. Rc6 c2 60. Rc3 Kd4 61. Rc8 Rg2 62. Kh4 Rh2+ 63. Kg5 Ke3 64. a4 Kf3 65. Rc3+ Ke4 66. a5 Kd4 67. Rc8 c1Q+ 68. Rxc1 Ra2 69. Rd1+ Ke3 70. Rd5 Kf3 71. Rd3+ Kg2 72. Kxh5 Rxa5+ 73. Kxg4 Ra4+ 74. Kf5 Ra5+ 75. Ke4 Rg5 76. Kf4 Rg8 77. g4 Kf2 78. g5 Ke2 79. Rd6 Rf8+ 80. Rf6 Ra8 81. g6 Kd3 82. g7 Ra4+ 83. Kf5 Ra5+ 84. Kg6 Ra1 85. g8Q Rg1+ 86. Kf7 Rxg8 87. Kxg8 Kd4 88. Kf7 Ke3 89. Ke6 Kd3 90. Kd5 Kd2 91. Rf3 Kc2 92. Kd4 Kc1 93. Kd3 Kb1 94. Kc3 Ka2 95. Rf1 Ka3 96. Ra1# 1-0